| 000 | 00424nam a2200133Ia 4500 | ||
|---|---|---|---|
| 008 | 231129s9999||||xx |||||||||||||| ||spa|| | ||
| 020 | _a958-2028-35-7 | ||
| 040 | _bspa | ||
| 082 | _a986.134 L864c | ||
| 100 | _aLopera Gutierrez Jaime | ||
| 245 | 0 | _aLa colonizacion del Quindio : Apuntes para una monografia del Quindio y Calarca | |
| 264 | _aBanco de la Republica | ||
| 942 |
_2ddc _cBKS |
||
| 999 |
_c16682 _d16682 |
||